The positive sum strategy : Harnessing technology for economic growth
This volume provides a state-of-the-art review of the relationship between technology and economic growth. Many of the 42 chapters discuss the political and corporate decisions for what one author calls a "Competitiveness Policy." As contributor John A. Young states, "Technology is ou...
Spremljeno u:
| Format: | Knjiga |
|---|---|
| Jezik: | Undetermined |
| Izdano: |
Washington, D.C.
National Academy Press
1986
|
| Teme: | |
| Oznake: |
Dodaj oznaku
Bez oznaka, Budi prvi tko označuje ovaj zapis!
|
| Thư viện lưu trữ: | Trung tâm Học liệu Trường Đại học Cần Thơ |
|---|
| LEADER | 01230nam a2200217Ia 4500 | ||
|---|---|---|---|
| 001 | CTU_228590 | ||
| 008 | 210402s9999 xx 000 0 und d | ||
| 082 | |a 338.926 | ||
| 082 | |b P855 | ||
| 245 | 4 | |a The positive sum strategy : | |
| 245 | 0 | |b Harnessing technology for economic growth | |
| 245 | 0 | |c Ralph Landau, Nathan Rosenberg (editors) | |
| 260 | |a Washington, D.C. | ||
| 260 | |b National Academy Press | ||
| 260 | |c 1986 | ||
| 520 | |a This volume provides a state-of-the-art review of the relationship between technology and economic growth. Many of the 42 chapters discuss the political and corporate decisions for what one author calls a "Competitiveness Policy." As contributor John A. Young states, "Technology is our strongest advantage in world competition. Yet we do not capitalize on our preeminent position, and other countries are rapidly closing the gap." This lively volume provides many fresh insights including "two unusually balanced and illuminating discussions of Japan. | ||
| 650 | |a Đổi mới công nghệ,Technological innovations | ||
| 650 | |x Hội nghị,Congresses | ||
| 650 | |z Hoa Kỳ,United States | ||
| 910 | |b dqhieu | ||
| 980 | |a Trung tâm Học liệu Trường Đại học Cần Thơ | ||